00577 2200205 4500001002100000005001700021008004100038020002200079035002500101040001200126090001700138100001800155245005300173260004300226300003600269650002400305850001200329999001500341999001500356YOGYA-0111000000061320150623092021.0 ind  a978-979-026-044-3 a0010-011100000000613 aYOPDYOG a371.26 Sil A aMel Silberman aActive Learning : 101 Stategi Pembelajaran Aktif aYogyakartabPustaka Insan Madanic2006 axxviii, 292 hlm.: 23 cm ( 2eks) apendidikan - metode aYOPDYOG a10BKS01463 a10BKS01464